书目信息 |
| 题名: |
朝鲜李朝实录中的中国史料
|
|
| 作者: | 吴晗 辑 | |
| 分册: | 七 | |
| 出版信息: | 北京 中华书局 1980 |
|
| 页数: | 2465~2988页 | |
| 开本: | 20cm | |
| 丛书名: | ||
| 单 册: | ||
| 中图分类: | K312.34 | |
| 科图分类: | ||
| 主题词: | 中朝关系--1392~1910--史料 | |
| 电子资源: | ||
| ISBN: | ||
| 000 | 00615nam0 2200217 45 | |
| 001 | 0180003156 | |
| 005 | 20060814093612.04 | |
| 010 | @dCNY5.90 | |
| 091 | @a11018.155 | |
| 100 | @a19960215d1980 em y0chiy0121 ea | |
| 101 | 0 | @achi |
| 102 | @aCN@b110000 | |
| 105 | @ay z 000yy | |
| 200 | 10 | @a朝鲜李朝实录中的中国史料@Achao xian li chao shi lu zhong de zhong guo shi liao@h七@f吴晗辑@Fwu han ji |
| 210 | @a北京@c中华书局@d1980 | |
| 215 | @a2465~2988页@d20cm | |
| 606 | @a中朝关系@z1392~1910@x史料 | |
| 690 | @aK312.34@v3 | |
| 701 | 0 | @a吴晗@Awu han@4辑 |
| 801 | 0 | @aCN@bNLC@c20060814 |
| 905 | @dK312.34@e1:7 | |
| 朝鲜李朝实录中的中国史料.七/吴晗辑.-北京:中华书局,1980 |
| 2465~2988页;20cm |
| ISBN :CNY5.90 |
| ● |
| 相关链接 |
|
|
|
|
正题名:朝鲜李朝实录中的中国史料
索取号:K312.34/1:7
 
预约/预借
| 序号 | 登录号 | 条形码 | 馆藏地/架位号 | 状态 | 备注 |
| 1 | 0033024 | 000358561 | 密集书库/ [索取号:K312.34/1:7] | 在馆 | |
| 2 | 0057453 | 001901160 | 密集书库/ [索取号:K312.34/1:7] | 在馆 | |
| 3 | 0462311 | 204623112 | 密集书库/ [索取号:K312.34/1:7] | 在馆 |